000 00778nam a2200229Ia 4500
003 OSt
005 20220918210609.0
006 a|||||r|||| 00| 0
007 ta
008 220917b |||||||| |||| 00| 0 eng d
024 _a121,107
037 _cTextual
040 _aARTS
_cARTS
_beng
041 _2eng
_aeng
082 _aV73N60,1N17x, K2
100 _aKennedy John F
245 0 _aTo turn the tide
_b A selection from President Kennedy's public statements from his election through the 1961 adjustment of Congress setting forth the goals of his first legislative years Ed by John W Gardner
260 _aNew York
_bHarper
_c1962
650 _aHISTORY
942 _hV73N60,1N17x, K2
_cTEXL
_2CC
999 _c244336
_d244336